| 000 | 01291nam a2200217Ia 4500 | ||
|---|---|---|---|
| 003 | Ost | ||
| 005 | 20260507075717.0 | ||
| 008 | 260507s9999||||xx |||||||||||||| ||und|| | ||
| 020 | _a9789931748625 | ||
| 040 | _cfsecg | ||
| 041 | _aara | ||
| 082 | _a692.8 | ||
| 100 |
_aداسة، مصطفى _eمؤلف |
||
| 245 | 0 |
_aالمقاولاتية وريادة الأعمال / _c مصطفى داسة |
|
| 260 |
_aالجزائر: _bدار الباحث للطباعة والنشر والتوزيع, _c2022 |
||
| 300 |
_a108 صفحة؛ _bإيضاحات ؛ _c24 سم |
||
| 504 | _aمراجع ص.97 | ||
| 520 | _aمدخل مفاهيمي للمقاولاتية و أدوارها المتعددة، والمقاربات العلمية لتطور الفكر والنشاط المقاولاتي،كذلك التعليم المقاولاتي رؤية استراتيجية، مع التفكير المقاولاتي والمجتمع بما فيه مكانة الفعل المقاولاتي في المجتمع والعمل الاجتماعي، والثقافة المقاولاتية ودورها في تطوير العمل المقاولاتي، وأخيرا المشروع المقاولاتي مفهومه ومراحله وهيئات دعمه. | ||
| 653 | _aالمقاولات | ||
| 942 | _cكتاب | ||
| 999 |
_c45924 _d45924 |
||